| 000 | 00000cam 2200000zi 4500 |
| 001 | 9.957990 |
| 003 | CaOODSP |
| 005 | 20260604134529 |
| 006 | m o d f |
| 007 | cr mn||||||||| |
| 008 | 251204t20252025onc o f000 0 eng d |
| 020 | |a9780660975856 |
| 040 | |aCaOODSP|beng|erda|cCaOODSP |
| 043 | |an-cn--- |
| 086 | 1 |aBT22-294/2025E-PDF |
| 245 | 00|aWorking group on public service productivity. |
| 264 | 1|aOttawa, Ontario : |bTreasury Board of Canada Secretariat = Secrétariat du Conseil du trésor du Canada, |c2025. |
| 264 | 4|c©2025 |
| 300 | |a1 online resource (33 pages) |
| 336 | |atext|btxt|2rdacontent |
| 337 | |acomputer|bc|2rdamedia |
| 338 | |aonline resource|bcr|2rdacarrier |
| 500 | |aIssued also in French under title: Groupe de travail sur la productivité dans la fonction publique. |
| 500 | |a"Published: 2025-12-08." |
| 650 | 0|aCivil service|xLabor productivity|zCanada. |
| 710 | 1 |aCanada. |bTreasury Board, |eissuing body. |
| 775 | 08|tGroupe de travail sur la productivité dans la fonction publique.|w(CaOODSP)9.957991 |
| 856 | 40|qPDF|s1.01 MB|uhttps://publications.gc.ca/collections/collection_2026/sct-tbs/BT22-294-2025-eng.pdf |
| 856 | 4 |qHTML|sN/A|uhttps://www.canada.ca/en/government/system/government-wide-reporting-spending-operations/committees-task-forces/working-group-public-service-productivity-overview.html |